MSM Monsters on Fire Oasis - Statistics

General Stats
  • This quiz has been taken 46 times
    39 since last reset
  • The average score is 20 of 24
Answer Stats
Elements Monster % Correct
Dipster Do
95%
Dipster Fa
95%
Fire Kayna
95%
Cold Mammott
95%
Dipster Mi
95%
Dipster Re
95%
Air Tweedle
95%
Fire, Air Glowl
90%
Feast-Ember Gobbleygourd
90%
Dipster La
90%
Cold, Water Maw
90%
Cold, Air Pango
90%
Dipster Sol
90%
Dipster Ti
90%
Water Toe Jammer
90%
Mythical Cherubble
86%
Fire, Cold, Water Wynq
81%
Fire, Cold Boskus
76%
Fire, Water Phangler
76%
Air, Water Quibble
76%
Fire, Cold, Air, Water Sneyser
67%
Fire, Air, Water Whaddle
67%
Cold, Air, Water Congle
62%
Fire, Cold, Air Woolabee
57%
No matching quizzes found
Score Distribution
Percent of People with Each Score
Percentile by Number Answered
Your Score History
You have not taken this quiz since the last reset